00623nam a2200169Ia 4500008004100000020001800041041000800059082001300067100002600080245009000106250001200196260002900208300001700237906001500254999001700269952016700286220530s9999 xx 000 0 und d a9780749469368 aeng a823bCAL aCalpan, Janice957551 aStrategic Talent DevelopmentbDevelop and Engage all your People for Business Success a1st Ed. aLondonbKogan Pagec2013 aIX;244P.bPB a248.75bGB c51932d51932 001040708Non Technical aCEWNbCEWNd2014-03-14eAllied Publisher Pvt. Ltd.g995.00o823/CALpCEWN-BK-5642r2022-05-30 00:00:00v746.25w2022-05-30yBKz005642